| 000 | 01017nam a22002537a 4500 | ||
|---|---|---|---|
| 003 | BD-DhSAU | ||
| 005 | 20220803162337.0 | ||
| 008 | 220425b2020 bg bad|| |||| 000 0 eng d | ||
| 040 | _aBD-DhSAU | ||
| 082 |
_222 _a631.4 _bAk79 |
||
| 100 |
_aAktar, Fahima _eRegistration # 18-09307 |
||
| 245 |
_aPerformance of triacontanol in cultivation of tomato under saline condition / _bMS thesis _cFahima Aktar |
||
| 260 |
_aSher-e-Bangla Agricultural Uniersity : _bDepartment of Soil Science ; _cDecember, 2020 |
||
| 300 |
_ax, 69 p. : _bill. , charts, maps ; _c30 cm. |
||
| 500 | _aMS thesis Department of Soil Science, Faculty of Agriculture, Sher-e-Bangla Agricultural University, Dhaka, Bangladesh | ||
| 590 | _akobir | ||
| 650 | _aSoil Science | ||
| 650 | _aTomato | ||
| 650 | _aSaline condition | ||
| 700 |
_aKhan, Md. Asaduzzaman _eSupervisor |
||
| 700 |
_aPaul, Alok Kumar _eCo-Supervisor |
||
| 856 |
_yOnline Access _uhttp://archive.saulibrary.edu.bd:8080/xmlui/handle/123456789/3876 |
||
| 942 |
_2ddc _cTHESIS |
||
| 999 |
_c15913 _d15912 |
||